000
00323nam a2200133Ia 4500
008
240624s9999 xx 000 0 und d
041
_a
eng
082
_a
828 PIC
100
_a
PICOULT JODI
245
_a
SMALL GREAT THINGS
260
_c
2016
_a
New Delhi
_b
Hodder & Stoughton
300
_a
509 p.; 19 cm.
365
_c
RS
_b
30
999
_c
29588
_d
29588